| 000 | 01058nam0a2200301 4500 | ||
|---|---|---|---|
| 001 | RU\NLR\BIBL_A\022689522 | ||
| 005 | 20251228043230.0 | ||
| 035 | _a(NLR Aleph) 022689522 | ||
| 090 |
_a13507270 _c13507270 |
||
| 100 | _a20251217d1918 m y0rusy50 ca | ||
| 101 | 0 | _alit | |
| 102 | _aRU | ||
| 105 | _ay z 000yy | ||
| 181 | 0 |
_ai _baxxe |
|
| 182 | 0 | _an | |
| 200 | 1 |
_aKaip kunigai rūpinasi darbininkais? _fV. Kapsukas _gRusijos Komunistų partija (bolševikų) |
|
| 203 |
_aТекст _bвизуальный _cнепосредственный |
||
| 205 | _aIšleido Lietuvių sekcijų centro biuras | ||
| 210 |
_aVoronežas _cLietuvos reikalų komisariato spaustuvė _d1918 |
||
| 215 |
_a29 p. _d16 |
||
| 225 | 1 |
_aDarbininko knygynėlis _v№ 13 |
|
| 541 | 1 |
_6z01790 _a[Как священники заботятся о трудящихся] _zrus |
|
| 686 | 1 | _aФ61(2)5 | |
| 700 | 1 |
_aKapsukas _bV. _f1880-1935 _gVincas _4070 |
|
| 790 | 1 |
_6z01541 _aКапсукас _bВ. _f1880-1935 _gВинцас _4070 |
|
| 942 | _cBOOK | ||
| 980 | _aNB | ||